000 00793cab a2200253 4500
001 WB2903-67
008 090401t1993 xxu||||| |||| 00| 0 eng d
035 _a(Sirsi) u32097
041 _aeng
245 _aEllis on rail sell off ticket
260 _c1993
350 _a0
490 _aDaily Telegraph
_v19 January 1993, 21
490 _aCSW - The Property Week
_v42(34) 21 January 1993, 8(1)
520 _aRichard Ellis has been appointed as property adviser to the Department of Transport on the privatisation of British Rail.
650 _aBRITISH RAIL
650 _aPRIVATISATION
650 _aPRIVATISED INDUSTRIES
650 _aPROPERTY ADVISERS
650 _aCBRE
690 _aMANAGEMENT-BUSINESS MANAGEMENT-PROFESSIONAL PRACTICE
942 _n0
948 _c04/03/1997
999 _c21541
_d21541